| 000 | 01032cam a22002774a 4500 | ||
|---|---|---|---|
| 001 | 2631354 | ||
| 005 | 20250222120024.0 | ||
| 008 | 990525s2000 maua b 001 0 eng | ||
| 020 | _a0072287624 | ||
| 050 | 0 | 0 |
_aHF5635 _b.H35 2000 |
| 082 | 0 | 0 |
_a657 _221 |
| 100 | 1 | _aHaskins, Mark E. | |
| 245 | 1 | 0 |
_aInternational financial reporting and analysis : _ba contextual emphasis / _cMark E. Haskins, Kenneth R. Ferris, Thomas I. Selling. |
| 250 | _a2nd ed. | ||
| 260 |
_aBoston : _bIrwin/McGraw-Hill, _cc2000. |
||
| 300 |
_axii, 557 p. : _bill. ; _c27 cm. |
||
| 650 | 0 | _aAccounting. | |
| 650 | 0 | _aFinancial statements. | |
| 650 | 0 | _aComparative accounting. | |
| 700 | 1 | _aFerris, Kenneth R. | |
| 700 | 1 | _aSelling, Thomas I. | |
| 856 | 4 | 2 |
_3Contributor biographical information _uhttp://www.loc.gov/catdir/bios/mh042/99034881.html |
| 856 | 4 | 2 |
_3Publisher description _uhttp://www.loc.gov/catdir/description/mh023/99034881.html |
| 856 | 4 | 1 |
_3Table of contents _uhttp://www.loc.gov/catdir/toc/mh023/99034881.html |
| 942 |
_2lcc _cBK _n0 |
||
| 999 |
_c4126 _d4126 |
||